Catalog

Record Details

Catalog Search



Available copies

  • 2 of 2 copies available at LARL/NWRL Consortium.
  • 2 of 2 copies available at Lake Agassiz Regional Library. (Show preferred library)

Current holds

1 current hold with 2 total copies.

Show Only Available Copies
Location Call Number / Copy Notes Barcode Shelving Location Status Due Date
Fertile Public Library M SCH (Text) 33500013451703 Main Available -
Moorhead Public Library M SCH (Text) 33500013451695 Main Available -

Record details

  • ISBN: 9781250264602
  • ISBN: 125026460X
  • Physical Description: 294 pages ; 25 cm.
  • Edition: First Edition.
  • Publisher: New York : Minotaur Books, 2021.

Content descriptions

Summary, etc.:
"Gone For Good is the first in a new mystery ... Read More
Subject: Women detectives > Fiction.
Serial murderers > Fiction.
Murder > Investigation > Fiction.
Chicago (Ill.) > Fiction.
FICTION / Mystery & Detective / Police Procedural.
FICTION / Mystery & Detective / Women Sleuths.
FICTION / Thrillers / Suspense.
Genre: Mystery fiction.
Detective and mystery fiction.
LDR 03016cam a22004698i 4500
001369595
003LARL_NWRL_CONSORTIUM
00520210827211509.0
008210209s2021 nyu 000 1 eng
010 . ‡a 2021005985
040 . ‡aDLC ‡beng ‡erda ‡cDLC ‡dBDX ‡dT3Q ‡dOCLCO ‡dOCLCF ‡dCMI ‡dOCLCO ‡dIUK ‡dSXP ‡dILC ‡dOCLCO ‡dIH9 ‡dYU6 ‡dOCLCO ‡dTCH
020 . ‡a9781250264602 ‡q(hardcover)
020 . ‡a125026460X ‡q(hardcover)
020 . ‡z9781250264619 ‡q(ebook)
035 . ‡a(OCoLC)1237650327
042 . ‡apcc
043 . ‡an-us-il
08200. ‡a813/.6 ‡223
1001 . ‡aSchaffhausen, Joanna, ‡eauthor. ‡0(LARL_NWRL_CONSORTIUM)225622
24510. ‡aGone for good / ‡cJoanna Schaffhausen.
250 . ‡aFirst Edition.
264 1. ‡aNew York : ‡bMinotaur Books, ‡c2021.
300 . ‡a294 pages ; ‡c25 cm.
336 . ‡atext ‡btxt ‡2rdacontent
337 . ‡aunmediated ‡bn ‡2rdamedia
338 . ‡avolume ‡bnc ‡2rdacarrier
4900 . ‡aDetective Annalisa Vega ; ‡v1
520 . ‡a"Gone For Good is the first in a new mystery series from award-winning author Joanna Schaffhausen, featuring Detective Annalisa Vega, in which a cold case heats up. The Lovelorn Killer murdered seven women, ritually binding them and leaving them for dead before penning them gruesome love letters in the local papers. Then he disappeared, and after twenty years with no trace of him, many believe that he's gone for good. Not Grace Harper. A grocery store manager by day, at night Grace uses her snooping skills as part of an amateur sleuth group. She believes the Lovelorn Killer is still living in the same neighborhoods that he hunted in, and if she can figure out how he selected his victims, she will have the key to his identity. Detective Annalisa Vega lost someone she loved to the killer. Now she's at a murder scene with the worst kind of déjà vu: Grace Harper lies bound and dead on the floor, surrounded by clues to the biggest murder case that Chicago homicide never solved. Annalisa has the chance to make it rights and to heal her family, but first, she has to figure out what Grace knew-how to see a killer who may be standing right in front of you. This means tracing his steps back to her childhood, peering into dark corners she hadn't acknowledged before, and learning that despite everything the killer took, she has still so much more to lose"-- ‡cProvided by publisher.
650 0. ‡aWomen detectives ‡vFiction. ‡0(LARL_NWRL_CONSORTIUM)167906
650 0. ‡aSerial murderers ‡vFiction. ‡0(LARL_NWRL_CONSORTIUM)167313
650 0. ‡aMurder ‡xInvestigation ‡vFiction. ‡0(LARL_NWRL_CONSORTIUM)166203
651 0. ‡aChicago (Ill.) ‡vFiction. ‡0(LARL_NWRL_CONSORTIUM)164108
650 7. ‡aFICTION / Mystery & Detective / Police Procedural. ‡2bisacsh
650 7. ‡aFICTION / Mystery & Detective / Women Sleuths. ‡2bisacsh
650 7. ‡aFICTION / Thrillers / Suspense. ‡2bisacsh
655 7. ‡aMystery fiction. ‡2gsafd
655 7. ‡aDetective and mystery fiction. ‡2lcgft
901 . ‡a369595 ‡bOCoLC ‡c369595 ‡tbiblio ‡soclc

Additional Resources